| 000 | 00679nam a2200217 a 4500 | ||
|---|---|---|---|
| 999 |
_c1180 _d1180 |
||
| 001 | 1180 | ||
| 003 | BD-JhCC | ||
| 005 | 20171016154848.0 | ||
| 008 | 171016s1986 b ||||| |||| 00| 0 b d | ||
| 035 | _a(BD-JhCC)1180 | ||
| 040 |
_aBD-JhCC _dBD-JhCC |
||
| 041 | _aben | ||
| 082 |
_222 _a891.443 _bVAT 1986 |
||
| 100 | _aভট্টাচার্য, নিমাই | ||
| 245 |
_aপার্লামেন্ট ষ্ট্রীট / _cনিমাই ভট্টাচার্য, |
||
| 260 |
_aঢাকা : _bঅনুপম প্রকাশনী, _c১৯৮৬ |
||
| 300 |
_a151 p. : _c22cm. |
||
| 650 | _aBengali Novel | ||
| 942 |
_2ddc _cBK |
||